Policy framework of mission Karmayogi (Record no. 524965)
[ view plain ]
| 000 -LEADER | |
|---|---|
| fixed length control field | 01574nam a22001577a 4500 |
| 008 - FIXED-LENGTH DATA ELEMENTS--GENERAL INFORMATION | |
| fixed length control field | 240202b ||||| |||| 00| 0 eng d |
| 100 ## - MAIN ENTRY--PERSONAL NAME | |
| Personal name | Khanedekar, Deepak |
| 245 ## - TITLE STATEMENT | |
| Title | Policy framework of mission Karmayogi |
| 260 ## - PUBLICATION, DISTRIBUTION, ETC. (IMPRINT) | |
| Place of publication, distribution, etc | ISTM Journal of Training Research and Governance |
| 300 ## - PHYSICAL DESCRIPTION | |
| Extent | 1(2), Aug, 2021: p.1-14 |
| 520 ## - SUMMARY, ETC. | |
| Summary, etc | Civil Services are at the epicentre of all the Government activities. Civil Services are mandated to lead the efficient delivery of public goods to the citizens of the country. With the challenges emanating from disruptions like pandemic and need to accelerate the pace of economic development, there is a clear need to keep the services fully prepared and trained. We need to have a civil service that is well trained, well-rounded, prepared, fit for action, fit for future and such a civil service would be critical in achieving our national goals of creating an Atmanirbhar Bharat as articulated by our Hon’ble Prime Minister. The national programme for Civil Services Capacity Building (NPCSCB) aims at promoting citizen centred governance by initiating a significant change in competency driven training programs and Human Resource (HR) management of officials by transitioning from a ‘rule-based’ system to the ‘role-based’ learning system.- Reproduced https://www.istm.gov.in/home/rti_disclosure/235 |
| 650 ## - SUBJECT ADDED ENTRY--TOPICAL TERM | |
| Topical term or geographic name as entry element | Mission Karmayogi, National Programme for Civil Services Capacity Building, NPCSCB |
| 9 (RLIN) | 48359 |
| 773 ## - HOST ITEM ENTRY | |
| Main entry heading | ISTM Journal of Training Research and Governance |
| 906 ## - LOCAL DATA ELEMENT F, LDF (RLIN) | |
| Subject DIP | CIVIL SERVICES |
| 942 ## - ADDED ENTRY ELEMENTS (KOHA) | |
| Item type | Articles |
| Withdrawn status | Lost status | Source of classification or shelving scheme | Damaged status | Not for loan | Permanent location | Current location | Date acquired | Serial Enumeration / chronology | Barcode | Date last seen | Koha item type |
|---|---|---|---|---|---|---|---|---|---|---|---|
| Indian Institute of Public Administration | Indian Institute of Public Administration | 2024-02-02 | 1(2), Aug, 2021: p.1-14 | AR130774 | 2024-02-02 | Articles |
